000 01288nam a22002417a 4500
999 _c22151
_d22151
003 AR-CdUCM
008 190429b ||||| |||| 00| 0 spa d
040 _aMUNICIPALIDAD PROVINCIAL DEL CUSCO
_cBIBLIOTECA MUNICIPAL DEL CUSCO
082 _aRadial/N°1/1944
245 _aRevista radial y de variedades /
_cM. E. Salezzi, Director
260 _aCusco.
_bEl Comercio,
_c1944.
300 _a33 páginas. :
_c21 cm.
440 _aRevista radial y de variedades.
_nN°1, Año I, enero 1944.
_947546
505 _aContenido: Nuestra palabra. -- A cantar. -- Baile del año nuevo. -- Mensaje al amor perdido. Rubén Sueldo. -- Cuento del mes. Daly S. Turner. -- La vida de los países ocupados la libertad es limitada es lo que ofrecen los Nazis a los prisioneros de Guerra. -- La nueva maquina de la radio. -- Anécdotas de la guerra civil española. -- Femeninas concejos de belleza. -- La cultura y el arte. -- César Atawallpa Rodríguez. Luis Nieto. -- Canciones de moda. -- Sintonizando grupo renovador Alkamari. ...
650 _aSociedad cusqueña
_947493
650 _aPoesía cusqueña
_92323
650 _aHistoria del Cusco
_91714
650 _aSiglo XX
_947547
700 _aSueldo, Rubén
_947548
700 _aNieto Miranda, Luis
_931822
942 _2ddc
_cPP
945 _arac